000 00437nam a2200157Ia 4500
003 IQ-KOUCL
041 _aArabic
082 _a900,935 cut-298 ح
100 _a20260118u\\\\\\\\\\\y0engy0103\\\\ba
100 _aد.منذر الحايك
245 0 _aالفكر الديني في الملاحم الرافدية
250 _aط1
260 _bدار ارام للنشر
_aدمشق- سوريا
_c2019
300 _a332
942 _cBk
999 _c185931
_d185931